| 000 | 00542nam a2200157 a 4500 | ||
|---|---|---|---|
| 001 | BRCA_1482 | ||
| 005 | 20190320203440.0 | ||
| 008 | 211105s1984----mx-a---###---#000-0#spa-d | ||
| 050 | 4 |
_aN6555 _b.T37 1984 |
|
| 245 | 1 | 0 | _aTapiz y arte textil 1984. |
| 260 |
_aMéxico _bINBA, Dirección de Artes Plásticas : SEP _c1984 |
||
| 300 |
_a48 p. _bil. _c26 cm. |
||
| 500 | _aCatálogo de la exposición realizada en el Salón Nacional de Artes Plásticas sección Bienal (México), 1984 | ||
| 650 | 1 | 4 |
_aTapiz _xArte textil _zMéxico _94843 |
| 942 |
_2lcc _cB |
||
| 999 |
_c1343 _d1343 |
||